01438cam a22003131a 4500001001300000003000400013005001700017007001500034008004100049010001700090035002000107040004800127042001200175050002600187051001600213100004500229245013200274260003300406300003300439490007800472501021800550530006900768650004700837650005700884700005000941830006500991856005101056999001701107e 20000576 DLC20260227111211.0cr_|||||||||||860419s1920 dcua f000 0 eng c ae 20000576  a(OCoLC)13458457 aU.S. Off. of Educ. LibrarycABAUdABAUdDLC apremarc00aL111b.A6 1920, no. 9 aLB2861b.C61 aCook, Katherine Margaret (O'Brien)cMrs.10aFeasibility of consolidating the schools of Mount Joy Township, Adams County, Pa. /cby Katherine M. Cook and W.S. Deffenbaugh. aWashington :bG.P.O.,c1920. a28 p. :bill., map ;c23 cm.1 aBulletin / Department of the Interior, Bureau of Education ;v1920, no. 9 aCopy 1 of L111.A6 with: Problem of mathematics in secondary education / Commission on the Reorganization of Secondary Education. Washington : Govt. Print. Off., 1920. Bound together subsequent to publication.5DLC aAlso available in digital form on the Internet Archive Web site. 0aRural schoolszPennsylvaniazAdams County. 0aSchoolsxCentralizationzPennsylvaniazAdams County.1 aDeffenbaugh, W. S.q(Walter Sylvanus),d1872- 0aBulletin (United States. Bureau of Education) ;v1920, no. 941uhttp://hdl.loc.gov/loc.gdc/scd0001.00214905541 c20405d20405